Research methodology : A guide for researchers in agricultural science, social science and other related fields

Guardado en:
Detalles Bibliográficos
Autor principal:  Sahu, Pradip Kumar
Formato: Sách
Lenguaje:Undetermined
Publicado:  Springer  2013
Materias:
Etiquetas: Agregar Etiqueta
Sin Etiquetas, Sea el primero en etiquetar este registro!
Thư viện lưu trữ: Trung tâm Thư viện - Trường Đại học Công nghiệp TP. Hồ Chí Minh
LEADER 00566nam a2200157Ia 4500
001 UIH_06474
008 231011s9999 xx 000 0 und d
082 |a  630.7 
100 |a  Sahu, Pradip Kumar 
245 0 |a  Research methodology : A guide for researchers in agricultural science, social science and other related fields 
245 0 |c  Sahu, Pradip Kumar 
260 |b  Springer 
260 |c  2013 
650 |a  Nông nghiệp; Agriculture;  
927 |a Sách 
980 |a Trung tâm Thư viện - Trường Đại học Công nghiệp TP. Hồ Chí Minh